|
|
|
|
| LEADER |
00711nab a2200181 i 4500 |
| 001 |
tisza19613 |
| 005 |
20200331091934.0 |
| 008 |
161028s2007 hu o 0|| hun d |
| 022 |
|
|
|a 0133-1167
|
| 040 |
|
|
|a SZTE Tiszatáj Archívum
|b hun
|
| 041 |
|
|
|a hun
|
| 100 |
1 |
|
|a Bogdán László
|
| 245 |
1 |
0 |
|a Richardo Reis Tahitin
|h [elektronikus dokumentum] :
|b 14. Első levél Teive mélyentisztelt bárójának : 15. Visszaesések : 16. Első levél Alexander Search-nak : 17. Kezdetek : [versek] /
|c Bogdán László
|
| 260 |
|
|
|c 2007
|
| 300 |
|
|
|a 34-36
|
| 490 |
0 |
|
|a Tiszatáj
|v 61 No. 2
|
| 695 |
|
|
|a Magyar irodalom - vers
|
| 856 |
4 |
0 |
|u http://tiszataj.bibl.u-szeged.hu/19613/1/tiszataj_2007_002_034-036.pdf
|z Dokumentum-elérés
|